00681nam a22001937a 450000500170000001000270001702000260004402000230007003500240009303700130011708200140013010000290014424501190017326000460029227000390033830000210037749000390039850000500043720230630102508.0 aENG-113505 ENG-137220 c425.00a9789351480501 c425.00a935148050x aEN-97037 EN-120752 bDBAD/PUB a269.20954 aVenkateswara Rao, Potana aWitnessing to students : befficacy of UESI in India /cby Potana Venkteswara Rao ; foreworded by Atul Y. Aghamkar aNew DelhibChristian World Imprintsc2015 aH-12 Bali NagarbNew Delhie110015 a114p.c21cm(pbk) aChristian heritage rediscovered-16 aIncludes bibliographical references and index